Bundesliga Spieler mit 100 Toren - Statistiken

Allgemein
  • Dieses Quiz wurde 454 mal gespielt
  • Das Durchschnittsergebnis liegt bei 18 aus 55
Antwortstatistiken
Tore Hauptsächlich für Spieler % Korrekt
365 FC Bayern München Gerd Müller
99%
150 FC Bayern München Thomas Müller
99%
177 1. FC Köln Dieter Müller
97%
312 FC Bayern München Robert Lewandowski
97%
156 Borussia Dortmund Marco Reus
70%
170 VfB Stuttgart Mario Gómez
69%
122 TSG 1899 Hoffenheim Andrej Kramarić
63%
121 Werder Bremen Miroslav Klose
63%
137 Hamburger SV Uwe Seeler
62%
197 Werder Bremen Claudio Pizarro
58%
144 Bayer 04 Leverkusen Stefan Kießling
55%
268 FC Schalke 04 Klaus Fischer
52%
220 Borussia Mönchengladbach Jupp Heynckes
50%
106 Werder Bremen Aílton
46%
162 FC Bayern München Karl-Heinz Rummenigge
46%
102 RB Leipzig Timo Werner
45%
133 FC Bayern München Giovane Élber
44%
181 Bayer 04 Leverkusen Ulf Kirsten
40%
132 Werder Bremen Rudi Völler
39%
127 FC Bayern München Dieter Hoeneß
38%
110 VfB Stuttgart Jürgen Klinsmann
36%
177 1. FC Köln Klaus Allofs
32%
148 1. FC Kaiserslautern Thomas Allofs
32%
121 FC Bayern München Lothar Matthäus
31%
213 Borussia Dortmund Manfred Burgsmüller
28%
157 VfB Stuttgart Fritz Walter
27%
126 TSV 1860 München Martin Max
27%
108 VfB Stuttgart Fredi Bobic
26%
136 Hamburger SV Horst Hrubesch
24%
131 Borussia Dortmund Michael Zorc
23%
179 1. FC Kaiserslautern Stefan Kuntz
21%
127 Hertha BSC Vedad Ibišević
19%
160 Eintracht Frankfurt Bernd Hölzenbein
16%
111 FC Schalke 04 Kevin Kurányi
16%
115 Borussia Dortmund Lothar Emmerich
16%
106 Borussia Dortmund Stéphane Chapuisat
16%
107 Borussia Mönchengladbach Uwe Rahn
14%
110 Borussia Dortmund Andreas Möller
12%
103 FC Bayern München Bruno Labbadia
12%
101 Werder Bremen Marco Bode
12%
109 Eintracht Frankfurt Jürgen Grabowski
10%
116 1. FC Köln Pierre Littbarski
10%
166 1. FC Köln Hannes Löhr
9%
120 FC Bayern München Roland Wohlfarth
9%
123 Borussia Mönchengladbach Frank Mill
8%
129 VfB Stuttgart Karl Allgöwer
8%
141 Eintracht Frankfurt Bernd Nickel
6%
108 1. FC Kaiserslautern Klaus Toppmöller
6%
100 Hamburger SV Thomas von Heesen
3%
119 Borussia Mönchengladbach Bernd Rupp
2%
125 Hamburger SV Georg Volkert
2%
121 Borussia Mönchengladbach Herbert Laumen
2%
119 MSV Duisburg Ronald Worm
2%
106 Bayer 04 Leverkusen Christian Schreier
1%
113 Fortuna Düsseldorf Reiner Geye
1%
Keine übereinstimmenden Quizze gefunden
Verteilung der Resultate
Anzahl Personen mit jedem Resultat
Perzentil nach korrekt beantworteten Fragen
Ihre Resultats-Entwicklung
Sie haben dieses Quiz noch nicht gespielt